Κατάλογος Βιβλιοθηκών Mediterranean College

Word 6 for Windows / Step by Step (Record no. 3505)

MARC details
000 -LEADER
fixed length control field 01418cam a22002054a 4500
005 - ΗΜΕΡΟΜΗΝΙΑ ΚΑΙ ΩΡΑ ΤΕΛΕΥΤΑΙΑΣ ΕΝΗΜΕΡΩΣΗΣ
Πεδίο ελέγχου 20250605164117.0
008 - FIXED-LENGTH DATA ELEMENTS--GENERAL INFORMATION
Πεδίο ελέγχου σταθερού μήκους 250528s ||||||||||||||||||||||||d
035 ## - SYSTEM CONTROL NUMBER
System control number 18122
020 ## - ISBN
ISBN 155615576
040 ## - ΠΗΓΗ ΚΑΤΑΛΟΓΟΓΡΑΦΗΣΗΣ
Φορέας πρωτότυπης καταλογογράφησης MC Athens Campus Library
Γλώσσα καταλογογράφησης Ελληνικά, Μοντέρνα (1453-)
Modifying agency MC Athens Campus Library
Κανόνες περιγραφικής καταλογογράφησης AACR2
245 1# - ΤΙΤΛΟΣ ΚΑΙ ΔΗΛΩΣΗ ΥΠΕΥΘΥΝΟΤΗΤΑΣ
Τίτλος Word 6 for Windows / Step by Step
260 ## - PUBLICATION, DISTRIBUTION, ETC.
Date of publication, distribution, etc. 1994
300 ## - PHYSICAL DESCRIPTION
Extent 298
520 ## - SUMMARY, ETC.
Summary, etc. An ideal introduction whether you are new to Word for Windows, upgrading from a previous version, or switching from another word processing product. About this Book, Getting Ready, New Features in Word 6.0, Basic Skills, Creating a Document, Moving Around in a Document, Formatting Paragraphs, Printing Your Document, Review and Practice, Everyday Tasks Made Easy, Increasing Editing Productivity, Proofing a Document, Establishing the Look of a Page, Saving Time with Wizards and Templates, Arranging Text and Graphics, Establishing the Look of a Page, Using Styles, Saving Time with Wizards and Templates, Arranging Text and Graphics, Creating Tables and Charts, Creating Columns, Adding Graphics and Emphasizing Text, Developing Special Project Documents, Organizing a Document with Outlining, Working with Multiple Documents, Working with Forms, Creating and Printing Merged Documents, Appendix, Matching the Exercises, Glossary, Index.
700 1# - ΠΡΟΣΘΕΤΗ ΑΝΑΓΡΑΦΗ--ΦΥΣΙΚΟ ΠΡΟΣΩΠΟ
Personal name Catapult
9 (RLIN) 4413
700 1# - ΠΡΟΣΘΕΤΗ ΑΝΑΓΡΑΦΗ--ΦΥΣΙΚΟ ΠΡΟΣΩΠΟ
Personal name Swanson L. Marie
9 (RLIN) 4414
942 ## - ADDED ENTRY ELEMENTS (KOHA)
Koha item type Books
Holdings
Τύπος τεκμηρίου Βιβλιοθήκη Τρέχουσα τοποθεσία Barcode Αριθμός εισαγωγής Ημερομηνία απόκτησης Ταξιθετικό σύμβολο Αριθμός αντιτύπου Κατάσταση απόσυρσης Κατάσταση χαμένου Κατάσταση κατεστραμμένου Μη δανεισμός Σύνολο δανεισμών Ημερομηνία τελευταίας εμφάνισης Η τιμή ισχύει από
Books MC Athens Campus Library MC Athens Campus Library 9780000035042 2316 05/06/2025 652.55369 MIC 1           05/06/2025 05/06/2025

MC Athens Campus Library
Πατησίων 94 & Κοδριγκτώνος 13, 104 34
Πελλήνης 8 & Πατησίων 107, 112 51
Τ: +30 210 8899600

MC Thessaloniki Campus Library
Ίωνος Δραγούμη 21, 54625 | Ίωνος Δραγούμη 15, 54625
Τ: +30 2310 287779 – Τ: +30 2314 440300